Report of the Film Enquiry Committee, 1951 (Record no. 489489)

000 -LEADER
fixed length control field 00386cam a22001337a 4500
008 - FIXED-LENGTH DATA ELEMENTS--GENERAL INFORMATION
fixed length control field 180718b1951 xxu||||| |||| 00| 0 eng d
082 ## - DEWEY DECIMAL CLASSIFICATION NUMBER
Classification number OA835x54 In2
100 ## - MAIN ENTRY--PERSONAL NAME
Personal name India. Film Enquiry Committee
245 ## - TITLE STATEMENT
Title Report of the Film Enquiry Committee, 1951
260 ## - PUBLICATION, DISTRIBUTION, ETC.
Place of publication, distribution, etc. New Delhi
Name of publisher, distributor, etc. The author
Date of publication, distribution, etc. 1951
300 ## - PHYSICAL DESCRIPTION
Extent 339+p.
500 ## - GENERAL NOTE
General note Chairman: S.K. Patil
700 ## - ADDED ENTRY--PERSONAL NAME
Personal name Patil, S.K. (Chairman)
Holdings
Withdrawn status Lost status Damaged status Not for loan Permanent Location Current Location Date acquired Full call number Barcode Date last seen Price effective from Koha item type
        Indian Institute of Public Administration Indian Institute of Public Administration 2018-08-04 OA835x54 In2 GG2588 2018-08-04 2018-08-04 GG

Powered by Koha